000 01160cam a2200289 a 4500
005 20260322212050.0
008 data
010 _a 93243596
020 _a0674445449
020 _a9780674445444
040 _aDLC
_cDLC
_dOrLoB-B
_dOrLoB-B
050 0 0 _aHQ1206
_b.G58 1993
082 0 0 _a305.42
_220
092 _a305.42 G555 1993
100 1 _aGilligan, Carol,
_d1936-
245 1 0 _aIn a different voice :
_bpsychological theory and women's development /
_cCarol Gilligan.
260 _aCambridge, Mass. :
_bHarvard University Press,
_c1993.
300 _axxvii, 184 p. ;
_c21 cm.
500 _aOriginally published: 1982. With new introduction.
504 _aIncludes bibliographical references (p. [177]-180) and index.
505 0 0 _g6.
_tVisions of Maturity.
_g2.
_tImages of Relationship --
_g3.
_tConcepts of Self and Morality --
_g4.
_tCrisis and Transition --
_g5.
_tWomen's Rights and Women's Judgment --
_g6.
_tVisions of Maturity.
650 0 _aWomen
_xPsychology
_vLongitudinal studies.
650 0 _aDevelopmental psychology
_vLongitudinal studies.
650 0 _aMoral development
_vLongitudinal studies.
650 2 _aWomen
_xpsychology.
001 data
999 _c1187
_d1187